Central Library OPAC University of Rajshahi

Development policy in the twenty-first century : (Record no. 59515)

MARC details
000 -LEADER
fixed length control field 01132nam a2200301 a 4500
001 - CONTROL NUMBER
control field 59515
003 - CONTROL NUMBER IDENTIFIER
rucl marc code BD-RjUL
005 - DATE AND TIME OF LATEST TRANSACTION
control field 20211209080736.0
008 - FIXED-LENGTH DATA ELEMENTS--GENERAL INFORMATION
fixed length control field 161226s2001 nyu 001 0 eng d
020 ## - INTERNATIONAL STANDARD BOOK NUMBER
International Standard Book Number 0415228220
035 ## - SYSTEM CONTROL NUMBER
System control number (BD-RjUL) 59639
040 ## - CATALOGING SOURCE
Original cataloging agency DLC
Transcribing agency DLC
Language of cataloging eng
Modifying agency BD-RjUL
041 ## - LANGUAGE CODE
Language code of text/sound track or separate title eng
082 00 - DEWEY DECIMAL CLASSIFICATION NUMBER
Classification number 338.90091724
Edition number 23
Author mark and year DEV 2001
245 00 - TITLE STATEMENT
Title Development policy in the twenty-first century :
Remainder of title beyond the post-Washington consensus /
Statement of responsibility, etc. Ben Fine, Costas Lapavitsas, Jonathan Pincus.
260 ## - PUBLICATION, DISTRIBUTION, ETC. (IMPRINT)
Place of publication, distribution, etc. London :
Name of publisher, distributor, etc. Routledge,
Date of publication, distribution, etc. c2001.
300 ## - PHYSICAL DESCRIPTION
Pagination xvi, 224 p. :
Illustrations ill. ;
Size 25 cm.
490 ## - SERIES STATEMENT
Series statement Routledge studies in development economics ;
Volume/sequential designation 17
504 ## - BIBLIOGRAPHY, ETC. NOTE
Bibliography, etc Includes bibliographical references and index.
650 #0 - SUBJECT ADDED ENTRY--TOPICAL TERM
Topical term or geographic name as entry element Economic forecasting
Geographic subdivision Developing countries.
9 (RLIN) 177024
Topical term or geographic name as entry element Development economics
Geographic subdivision Developing countries.
9 (RLIN) 177025
651 #0 - SUBJECT ADDED ENTRY--GEOGRAPHIC NAME
Geographic name Developing countries
General subdivision Economic policy.
9 (RLIN) 171747
700 1# - ADDED ENTRY--PERSONAL NAME
Personal name Fine, Ben.
Personal name Lapavitsas, Costas,
Dates associated with a name 1961-
Personal name Pincus, Jonathan.
830 #0 - SERIES ADDED ENTRY--UNIFORM TITLE
Uniform title Routledge studies in development economics ;
Volume number/sequential designation 17
942 ## - ADDED ENTRY ELEMENTS (KOHA)
Source of classification or shelving scheme Dewey Decimal Classification
Koha item type Books
Holdings
Lost status Source of classification or shelving scheme Damaged status Not for loan Collection code Permanent Location Current Location Shelving location Date acquired Source of acquisition Cost, normal purchase price Total Checkouts Full call number Date last seen Copy number Koha item type
  Dewey Decimal Classification   Not For Loan Non-fiction Central Library, University of Rajshahi Central Library, University of Rajshahi Reading Room 13/04/2006 Paragon Enterprises Dhaka 95.00   338.90091724 DEV 2001 26/12/2016 C-1 Books